Statistics for Chicago White Sox Top 50 Home Run Leaders

Click here to take the quiz!

General Stats

  • This quiz has been taken 27 times
  • The average score is 10 of 50

Answer Stats

HintAnswer% Correct
1Frank Thomas448
100%
2Paul Konerko432
75%
3Jose Abreu243
56%
23Tim Anderson98
56%
14Jim Thome134
50%
8Jermaine Dye164
44%
40-TiedLuis Robert Jr.74
44%
5Carlton Fisk214
38%
27Eloy Jimenez89
38%
4Harold Baines221
38%
26Yoan Moncada93
38%
17AJ Pierzynski118
31%
29-TiedAl Smith85
31%
10Carlos Lee152
31%
50Lamar Johnson57
31%
6Magglio Ordonez187
31%
13Minnie Minoso135
31%
7Robin Ventura171
25%
21-tiedAdam Dunn106
19%
34-TiedAlbert Belle79
19%
19Alexei Ramirez109
19%
40-TiedAvisail Garcia74
19%
29-TiedDick Allen85
19%
32Greg Luzinski84
19%
18Greg Walker113
19%
15Joe Crede125
19%
11Ron Kittle140
19%
9Bill Melton154
13%
47Gordon Beckham67
13%
40-TiedAlex Rios74
6%
29-TiedCarlos May85
6%
20Carlos Quentin107
6%
44Eddie Robinson71
6%
49Floyd Robinson65
6%
45Ivan Calderon70
6%
12Jose Valentin136
6%
21-tiedRay Durham106
6%
25Ron Karkovice96
6%
16Sherm Lollar124
6%
43Chet Lemon73
0%
38-TiedDan Pasqua75
0%
48Dayan Viciedo66
0%
46Ed Hermann68
0%
33Jim Landis83
0%
37Jim Rivera77
0%
38-TiedJoe Kuhel75
0%
34-TiedJorge Orta79
0%
28Juan Uribe87
0%
24Pete Ward97
0%
34-TiedZeke Bonura79
0%

Score Distribution

Percentile by Number Answered

Percent of People with Each Score

Your Score History

You have not taken this quiz